000 00676nam a2200241Ia 4500
003 OSt
005 20220925220445.0
006 a|||||r|||| 00| 0
007 ta
008 220923b |||||||| |||| 00| 0 eng d
020 _a0333258630
037 _cGeneral Book
040 _aRTL
_cRTL
_beng
041 _2eng
_aeng
082 _aX.41.N7, L8
100 _aBennett Gordon Ed.
_9122374
245 0 _aChina's finance and trade
_b A policy reader
260 _aLondon
_bMacmillan
_c1978
300 _axiii,250p.
_ccm.
650 _aEconomic Conditions China
942 _hX.41.N7, L8
_cGB
_2CC
999 _c571529
_d571529